| 000 | 00565nam a22002057a 4500 | ||
|---|---|---|---|
| 003 | BUBTL | ||
| 008 | 180104b xxu||||| |||| 00| 0 eng d | ||
| 020 | _a8121924316 | ||
| 082 | _a657/ G9592e/ 2005 | ||
| 100 |
_91724 _aGupta, N. Dus |
||
| 245 |
_aEnvironmental Accounting : _cN. Dus Gupta |
||
| 250 | _a2nd | ||
| 260 |
_aNew Delhi _bS. Chand & Company LTD _cc2005 |
||
| 300 |
_a[xiv], 126p . : _bill. 25cm . |
||
| 500 | _aIncludes Index . | ||
| 650 | 0 |
_95 _aAccounting |
|
| 856 |
_k0 _l0 _yDownload |
||
| 942 |
_2ddc _cBK |
||
| 999 |
_c5637 _d5637 |
||